Gaming Quiz

Random Gaming or Pokémon Quiz

Pokémon Starters & Legendaries Quiz Stats

 Plays Quiz Updated Jan 23, 2019

Challenge
Share
Tweet
Embed
Score 0/86 Timer 06:00
16 Plays Today
% Correct
Charmander Charmeleon Charizard
96.1%
Squirtle Wartortle Blastoise
95.3%
Bulbasaur Ivysaur Venusaur
95.2%
Mew
93%
Mewtwo
92.2%
Zapdos
91.3%
Moltres
90.8%
Articuno
90.8%
Lugia
82.2%
Cyndaquil Quilava Typhlosion
81.9%
Ho-oh
81.7%
Chikorita Bayleef Meganium
81.6%
Totodile Croconaw Feraligatr
80.8%
Torchic Combusken Blaziken
79.9%
Mudkip Marshtomp Swampert
79.3%
Entei
78.8%
Suicune
77.7%
Treecko Grovyle Sceptile
76.3%
Groudon
75.3%
Raikou
73.3%
Kyogre
72.8%
Rayquaza
72.7%
Piplup Prinplup Empoleon
72.6%
Chimchar Monferno Infernape
71.4%
Celebi
71.4%
Turtwig Grotle Torterra
69.5%
Palkia
67.5%
Dialga
66.9%
Regice
65.5%
% Correct
Regirock
65.4%
Registeel
65.1%
Latios
62.4%
Tepig Pignite Emboar
62.3%
Latias
62.2%
Deoxys
61.3%
Snivy Servine Serperior
61%
Jirachi
60.5%
Giratina
59%
Oshawott Dewott Samurott
58%
Froakie Frogadier Greninja
57.2%
Darkrai
55.4%
Arceus
55.2%
Fennekin Braixen Delphox
53.9%
Chespin Quilladin Chesnaught
53.4%
Zekrom
52.8%
Uxie
52.4%
Reshiram
51.8%
Azelf
51.8%
Litten Torracat Incineroar
51.3%
Mesprit
50.5%
Xerneas
50.3%
Victini
50%
Regigigas
49.8%
Rowlet Dartrix Decidueye
49.7%
Yveltal
47.9%
Popplio Brionne Primarina
47%
Shaymin
46.2%
Heatran
45.6%
% Correct
Cresselia
45.2%
Zygarde
45%
Cosmog Cosmoem Solgaleo/Lunala
43.9%
Manaphy
42.8%
Kyurem
42.5%
Phione
39%
Cobalion
37.1%
Terrakion
36.6%
Hoopa
36.4%
Virizion
36.2%
Keldeo
35.9%
Volcanion
35.1%
Landorus
34.9%
Genesect
34.7%
Tornadus
34.5%
Diancie
33.3%
Thundurus
32.6%
Tapu Koko
32.4%
Meloetta
31.1%
Tapu Lele
30.1%
Tapu Fini
27.9%
Tapu Bulu
27.9%
Necrozma
24.9%
Magearna
22.7%
Marshadow
21.2%
Meltan Melmetal
13.4%
Zeraora
13.3%
Type: Null Silvally
9.4%

You're not logged in!

Compare scores with friends on all Sporcle quizzes.
OR
Log In

You Might Also Like...

Show Comments

Extras

Top Quizzes Today


Score Distribution

Your Account Isn't Verified!

In order to create a playlist on Sporcle, you need to verify the email address you used during registration. Go to your Sporcle Settings to finish the process.

Report this User

Report this user for behavior that violates our Community Guidelines.

Details: